| 000 | 00838cab a2200229 4500 | ||
|---|---|---|---|
| 001 | ABS60214 | ||
| 008 | 090401t1999 xxu||||| |||| 00| 0 eng d | ||
| 035 | _a(Sirsi) u99765 | ||
| 041 | _aeng | ||
| 245 | _aSpecial report `99 - Europe and MIPIM | ||
| 260 | _c1999 | ||
| 350 | _a0 | ||
| 490 |
_aEstates Gazette _v(9909) 6 March 1999, 119-143(10) |
||
| 520 | _aAn annual feature on Europe. Includes articles on working in Europe, a diary of the events at the MIPIM conference in Cannes and the MIPIM transport challenge, where property professionals travel to Cannes by as many different modes of transport as possible to raise money for charity. | ||
| 650 | _aCANNES | ||
| 650 | _aMIPIM TRANSPORT CHALLENGE | ||
| 650 | _aMIPIM | ||
| 650 | _aWORKING OVERSEAS | ||
| 690 | _aOVERSEAS-EUROPE | ||
| 942 | _n0 | ||
| 948 | _c09/03/1999 | ||
| 999 |
_c59998 _d59998 |
||